[Event "La Roda op 47th"]
[Site "La Roda"]
[Date "2021.12.04"]
[Round "1"]
[White "Larino Nieto, David"]
[Black "Matias, Luis Miguel Rodrigu"]
[Result "1/2-1/2"]
[WhiteElo "2454"]
[BlackElo "1893"]
[PlyCount "136"]
[EventDate "2021.12.04"]
[EventType "swiss"]
[EventRounds "9"]
[EventCountry "ESP"]
[SourceTitle "CBM 205 Extra"]
[Source "ChessBase"]
[SourceDate "2022.01.31"]
[SourceVersion "1"]
[SourceVersionDate "2022.01.31"]
[SourceQuality "1"]

1. Nf3 Nf6 2. b3 b6 3. c4 c5 4. Bb2 Nc6 5. Nc3 Bb7 6. Nd5 Nxd5 7. cxd5 Nb4 8. e4 Ba6 9. d3 Bb7 10. a3 Na6 11. Ng5 e5 12. f4 f6 13. Qh5+ g6 14. Qh3 Qe7 15. d6 Qg7 16. fxe5 fxg5 17. 0-0-0 Qh6 18. Qg3 Bg7 19. Kb1 Qh4 20. Qe3 Qf4 21. Qe1 Bxe5 22. d4 Bxd4 23. Bc4 0-0-0 24. Ka2 Bxb2 25. Kxb2 Qxe4 26. Qxe4 Bxe4 27. Bxa6+ Bb7 28. Bc4 Bxg2 29. Rhg1 Bh3 30. Ba6+ Kb8 31. b4 c4 32. Bxc4 Rhf8 33. Rd2 Be6 34. Ba6 Rf3 35. Bd3 Bd5 36. Rxg5 Bb7 37. Re5 Rf6 38. Bc2 Re6 39. Ree2 Rde8 40. Rf2 Bc6 41. Bb3 Re3 42. a4 a6 43. Bf7 R8e4 44. b5 axb5 45. axb5 Rb4+ 46. Kc1 Re1+ 47. Kc2 Rxb5 48. Bg8 Be4+ 49. Kc3 Rc5+ 50. Kd4 Bf5 51. Bd5 Ra1 52. Rfe2 Ra4+ 53. Ke3 Raa5 54. Bf3 Re5+ 55. Kd4 Rxe2 56. Rxe2 Be6 57. Rb2 Ka7 58. Re2 Ra4+ 59. Ke5 Ra5+ 60. Kd4 Ra4+ 61. Ke5 Ra5+ 62. Kf4 Rf5+ 63. Kg3 b5 64. h4 Kb6 65. Bg4 Rf6 66. Bf3 Kc5 67. Re5+ Kxd6 68. Rxb5 Ke7 1/2-1/2